KOHA-Header-6

Nise's Control Systems Engineering (Record no. 2566)

000 -LEADER
fixed length control field 00303nam a2200121Ia 4500
008 - FIXED-LENGTH DATA ELEMENTS--GENERAL INFORMATION
fixed length control field 190802s9999 xx 000 0 und d
020 ## - INTERNATIONAL STANDARD BOOK NUMBER
International Standard Book Number 978-81-265-7183-3
100 ## - MAIN ENTRY--PERSONAL NAME
Personal name Norman S. Nise
245 #0 - TITLE STATEMENT
Title Nise's Control Systems Engineering
260 ## - PUBLICATION, DISTRIBUTION, ETC. (IMPRINT)
Place of publication, distribution, etc New Delhi
Name of publisher, distributor, etc Wiley
Date of publication, distribution, etc 2018
300 ## - PHYSICAL DESCRIPTION
Extent 919:p
942 ## - ADDED ENTRY ELEMENTS (KOHA)
Koha item type Books
Holdings
Withdrawn status Lost status Damaged status Not for loan Collection code Permanent Location Current Location Shelving location Date acquired Full call number Barcode Date last seen Price effective from Koha item type
      Not For Loan Electrical Engineering MAJU MAJU   2019-08-03 629.8 9189 2021-12-02 2019-08-03 Electrical Engineering

Powered by Koha